<?xml version="1.0" encoding="UTF-8"?>
<record
    xmlns:xsi="http://www.w3.org/2001/XMLSchema-instance"
    xsi:schemaLocation="http://www.loc.gov/MARC21/slim http://www.loc.gov/standards/marcxml/schema/MARC21slim.xsd"
    xmlns="http://www.loc.gov/MARC21/slim">

  <leader>02057njm a2200457Ia 4500</leader>
  <controlfield tag="001">20541</controlfield>
  <controlfield tag="003">IT-RoPAU</controlfield>
  <controlfield tag="005">20220918181159.0</controlfield>
  <controlfield tag="008">131025s9999    xx            000 0 und d</controlfield>
  <datafield tag="040" ind1=" " ind2=" ">
    <subfield code="a">IT-RoPAU</subfield>
  </datafield>
  <datafield tag="040" ind1=" " ind2=" ">
    <subfield code="c">IT-RoPAU</subfield>
  </datafield>
  <datafield tag="041" ind1=" " ind2=" ">
    <subfield code="a">INGLESE</subfield>
  </datafield>
  <datafield tag="999" ind1=" " ind2=" ">
    <subfield code="c">102842</subfield>
    <subfield code="d">102842</subfield>
  </datafield>
  <datafield tag="999" ind1=" " ind2=" ">
    <subfield code="b">n.d.</subfield>
  </datafield>
  <datafield tag="100" ind1=" " ind2=" ">
    <subfield code="a">AA.VV.</subfield>
    <subfield code="9">794</subfield>
  </datafield>
  <datafield tag="100" ind1=" " ind2=" ">
    <subfield code="e">Autore musica</subfield>
    <subfield code="9">2038</subfield>
  </datafield>
  <datafield tag="100" ind1=" " ind2=" ">
    <subfield code="g">Codice autore musica SPICS: 12000</subfield>
    <subfield code="9">796</subfield>
  </datafield>
  <datafield tag="245" ind1=" " ind2=" ">
    <subfield code="a">Cristal Geant (Lp De.X 13001-Disco dimostrativo)</subfield>
  </datafield>
  <datafield tag="250" ind1=" " ind2=" ">
    <subfield code="a">1a ed.</subfield>
  </datafield>
  <datafield tag="260" ind1=" " ind2=" ">
    <subfield code="a">MILANO</subfield>
  </datafield>
  <datafield tag="260" ind1=" " ind2=" ">
    <subfield code="b">DURIUM RECORD</subfield>
    <subfield code="c">1983 [1a Ed.:1983 - Ed. Lingua Orig.: 1983]</subfield>
  </datafield>
  <datafield tag="300" ind1=" " ind2=" ">
    <subfield code="a">DISCO</subfield>
  </datafield>
  <datafield tag="300" ind1=" " ind2=" ">
    <subfield code="c">17 minuti (Testo:  pag.)</subfield>
  </datafield>
  <datafield tag="500" ind1=" " ind2=" ">
    <subfield code="a">Musica pop. Disco dimostrativo</subfield>
  </datafield>
  <datafield tag="505" ind1=" " ind2=" ">
    <subfield code="a">Stand By (3:00) - La dolce vita (5:00) - Magical Night (5:00) - Un Fait Divers Et Rien de Plus (5:00)</subfield>
  </datafield>
  <datafield tag="511" ind1=" " ind2=" ">
    <subfield code="a">Holliday Roman</subfield>
  </datafield>
  <datafield tag="511" ind1=" " ind2=" ">
    <subfield code="a">Paris Ryan</subfield>
  </datafield>
  <datafield tag="511" ind1=" " ind2=" ">
    <subfield code="a">Change</subfield>
  </datafield>
  <datafield tag="511" ind1=" " ind2=" ">
    <subfield code="a">Le Club</subfield>
  </datafield>
  <datafield tag="650" ind1=" " ind2=" ">
    <subfield code="a">POP [DISCHI]</subfield>
    <subfield code="e">Codice MATERIA SPICS: 9950</subfield>
    <subfield code="9">1001</subfield>
  </datafield>
  <datafield tag="700" ind1=" " ind2=" ">
    <subfield code="a">Lambert F.</subfield>
    <subfield code="d">Codice autore musica SPICS: 23133</subfield>
    <subfield code="e">Autore musica</subfield>
    <subfield code="p">Stand By</subfield>
    <subfield code="9">2039</subfield>
  </datafield>
  <datafield tag="700" ind1=" " ind2=" ">
    <subfield code="a">Lambert S.</subfield>
    <subfield code="d">Codice autore testo/musica SPICS: 23132</subfield>
    <subfield code="e">Autore testo/musica SPICS: 23132</subfield>
    <subfield code="p">Stand By</subfield>
    <subfield code="9">2040</subfield>
  </datafield>
  <datafield tag="700" ind1=" " ind2=" ">
    <subfield code="a">Mazzolini</subfield>
    <subfield code="d">Codice autore musica SPICS: 23135</subfield>
    <subfield code="e">Autore musica</subfield>
    <subfield code="p">La dolce vita</subfield>
    <subfield code="9">2041</subfield>
  </datafield>
  <datafield tag="700" ind1=" " ind2=" ">
    <subfield code="a">Giombini</subfield>
    <subfield code="d">Codice autore testo/musica SPICS: 23134</subfield>
    <subfield code="e">Autore testo/musica</subfield>
    <subfield code="p">La dolce vita</subfield>
    <subfield code="9">2042</subfield>
  </datafield>
  <datafield tag="700" ind1=" " ind2=" ">
    <subfield code="a">Lafalce L.</subfield>
    <subfield code="d">Codice autore musica SPICS: 23128</subfield>
    <subfield code="e">Autore musica</subfield>
    <subfield code="p">Magical Night</subfield>
    <subfield code="9">2043</subfield>
  </datafield>
  <datafield tag="700" ind1=" " ind2=" ">
    <subfield code="a">Boone L.</subfield>
    <subfield code="d">Codice autore SPICS: 23127</subfield>
    <subfield code="e">Autore</subfield>
    <subfield code="p">Magical Night</subfield>
    <subfield code="9">2044</subfield>
  </datafield>
  <datafield tag="700" ind1=" " ind2=" ">
    <subfield code="a">Malavasi Mauro</subfield>
    <subfield code="d">Codice autore testo/musica SPICS: 20739</subfield>
    <subfield code="e">Autore testo/musica</subfield>
    <subfield code="p">Magical Night</subfield>
    <subfield code="9">2045</subfield>
  </datafield>
  <datafield tag="700" ind1=" " ind2=" ">
    <subfield code="a">Zalkman Olaf</subfield>
    <subfield code="d">Codice autore musica SPICS: 23131</subfield>
    <subfield code="e">Autore musica</subfield>
    <subfield code="p">Un fait divers et rien de plus</subfield>
    <subfield code="9">2046</subfield>
  </datafield>
  <datafield tag="700" ind1=" " ind2=" ">
    <subfield code="a">Dieme Jacky</subfield>
    <subfield code="d">Codice autore SPICS: 23130</subfield>
    <subfield code="e">Autore</subfield>
    <subfield code="p">Un fait divers et rien de plus</subfield>
    <subfield code="9">2047</subfield>
  </datafield>
  <datafield tag="700" ind1=" " ind2=" ">
    <subfield code="a">Monel Andr&#xE9; </subfield>
    <subfield code="d">Codice autore testo/musica SPICS: 23129</subfield>
    <subfield code="e">Autore testo/musica</subfield>
    <subfield code="p">Un fait divers et rien de plus</subfield>
    <subfield code="9">2048</subfield>
  </datafield>
  <datafield tag="942" ind1=" " ind2=" ">
    <subfield code="c">MD</subfield>
    <subfield code="2">ddc</subfield>
  </datafield>
  <datafield tag="952" ind1=" " ind2=" ">
    <subfield code="0">0</subfield>
    <subfield code="1">0</subfield>
    <subfield code="4">0</subfield>
    <subfield code="6">20541_000000000000000</subfield>
    <subfield code="7">1</subfield>
    <subfield code="a">SPICS</subfield>
    <subfield code="b">SPICS</subfield>
    <subfield code="d">2013-10-25</subfield>
    <subfield code="l">0</subfield>
    <subfield code="o">20541</subfield>
    <subfield code="r">2013-10-25 00:00:00</subfield>
    <subfield code="w">2013-10-25</subfield>
    <subfield code="y">MD</subfield>
    <subfield code="z">Progr. Ins.: 3848 / N.Vol.: 1 / Copie: 1 - Copia rara: n.d. / date import: 01.01.2014 - By Epidotti, Trombetti, Vaglietti</subfield>
  </datafield>
</record>
